| 000 | 00681nam a22002177a 4500 | ||
|---|---|---|---|
| 003 | OSt | ||
| 005 | 20251120145109.0 | ||
| 008 | 251120b |||||||| |||| 00| 0 eng d | ||
| 020 | _a13 : 978-0-07-146417-8. | ||
| 040 |
_aDWCL-Main lib _cOC |
||
| 082 |
_25th ed. _aCirc. 624.0684 L668p 2007 |
||
| 100 | _aLevy, Sidney M. | ||
| 245 |
_aProject management in construuction _cLevy, Sidney M. |
||
| 260 |
_aN. Y. : _bMcGraw-Hill, _cc2007. |
||
| 300 |
_axiv, 402 pages ; _c23 cm. |
||
| 504 | _aIncludes index. | ||
| 650 | _21. Building-Superintendence. | ||
| 650 | _22. Construction industry-Management. | ||
| 650 | _23. Project management. | ||
| 942 |
_2ddc _cBK-CIRC _e5th ed. _kCirc. _n0 |
||
| 999 |
_c5900 _d5900 |
||